000 00677nam a2200217Ia 4500
003 GCL
008 140319s9999 xx 000 0 ara d
040 _aGCL /
_cGCL
082 0 4 _a268.1
_bر م
100 1 _aرافع محمد رافع
245 1 0 _aمن مذكرات خبريرس رؤية مستقبلية للاتصال الروحى /
_cرافع محمد رافع
260 _a[S.N] :
_bسوفنير بوك هاوس ،
_c1988
300 _a126 ص
490 _a
650 0 4 _aالاسلام
650 0 4 _aالتصوف الاسلامى
650 0 4 _aالتصوف
650 0 4 _aالحياة الروحية
650 0 4 _aالطرق الصوفية
942 _2ddc
_cBK
999 _c27934
_d27934